1773 1408 1859 1944 1077 1292 1542 1318 1236 1146 1189 1680 1262 1933 1509 1752 1264 1238 1570 1809 1266 1497 1675 1808 1102 1497 1641 1625 1422 1347 1355 1213 1258 1743 1633 1475 1651 1708 1788 1237 1470 1182 1911 1014 1365 1263 1460 1340 1928 1547 1634 1460 1994 1610 1684 1671 1582 1265 1661 1825 1641 1748 1565 1820 1171 1052 1389 1089 1682 1164 1547 1519 1689 1621 1064 1376 1534 1808 1211 1591 1995 1186 1157 1766 1976 1203 1765 1651 1508 1804 1718 1279 1303 1350 1715 1897 1585 1092 1359 BCNSPRNW ULIB Ver.6.0+V

เปลี่ยนเป็นภาษาไทย

Change to English
 แสดงรายละเอียดบรรณานุกรม
  กลับหน้าหลัก

Brief Record : Get Marc (ISO 2709) : E-mail record : QR code < ปิดหน้าต่าง
LEADER : 00000nam 2200000uu 4500
001    13399123202
003     ULIB
008    020711s2551 th a 000 0 tha d
020    9789749694138
090    นว.^bว298ค
100    วรางคณา
245    คลื่นรักอันดามัน /^cวรางคณา
250    พิมพ์ครั้งที่ 1
260    กรุงเทพฯ :^bดอกหญ้า,^c2551
300    190 หน้า;^b21 ซม.
710    ดอกหญ้า
945    ^p135^l0^i20338
999    ^aทศพร เกษรทอง
รายการนี้ยังไม่มีแท็ก
คุณยังไม่ได้ล็อกอิน คุณสามารถมีกิจกรรมร่วมกับเว็บไซต์ได้ แต่ต้องล็อกอินก่อน ::
  ล็อกอิน

รายการสื่อสารสนเทศ

ลำดับที่ ประเภท เลขเรียก/บาร์โค้ด สถานที่ สถานะ
1. นวนิยาย
นวนิยาย
นว. ว298ค ฉ.1 
  Barcode: 20338
ห้องสมุดวิทยาเขตนครสวรรค์
►นวนิยาย:l:Fiction
บนชั้น

รายการใกล้เคียง
    ผู้แต่ง [วรางคณา]

BibComment


ยังไม่เคยถูกคอมเมนท์

คอมเมนท์ทรัพยากรรายการนี้
  คอมเมนท์: คลื่นรักอันดามัน ..


 Copyright 2026. Bcnsprnw @Library